000 00294nam a2200133Ia 4500
100 _aMehta/ N. V.
650 _aGeneral
942 _cBK
654 _aIncome Tax : 1999-2000
245 _aIncome Tax : 1999-2000
260 _bShri Kuber Publishing House
300 _a352
546 _aENGLISH
999 _c25655
_d25655